000 01299nam a2200229Ia 4500
003 Ost
005 20260507075356.0
008 260507s9999||||xx |||||||||||||| ||und||
040 _cfsecg
041 _aara
082 _a330
100 _aعجمية، محمد عبد العزيز
_eمؤلف
245 0 _aقضايا اقتصادية معاصرة /
_c محمد عبد العزيز عجمية
260 _aالاسكندرية:
_bالدار الجامعية,
_c2009
300 _a191 صفحة؛
_bإيضاحات ؛
_c24 سم
520 _aمشكلة قياس معدلات النمو الإقتصادي والتنمية الإقتصادية- مشكلة البطالة في مصر- تنمية الصناعات الصغيرة في البلدان النامية- النمو الإقتصادي والبيئة وامكانيات التنمية المستدامة- العولمة الإقتصادية- إعادة بناء الإقتصاد العالمي بعد الحرب العالمية الثانية
653 _aالاقتصاد
653 _aالتنمية الإقتصادية -البلدان النامية
653 _aمشكلات الإقتصادية والإجتماعية
700 _aأحمد، عبد الرحمن يسرى وآخرون
_eمؤلف ثانوي
942 _cكتاب
999 _c44214
_d44214